000 00518nam a22001697a 4500
999 _c9122
_d9122
008 210323b ||||| |||| 00| 0 eng d
040 _aBMS College of Architecture
100 _aChandran, M, Vivek
245 _aExperience Bangalore Museum
300 _a103p.
500 _a1BM04AT039
502 _8B.Arch
_NBMS College of Architecture, Visvesvaraya Technological University
_aProject report
_d2011
650 _aMuseum
700 _aSindhu Srikanth
_eGuide
700 _aK R Madhu Chand
_eGuide
942 _2ddc
_cTHE